European cities of over a million inhabitants - Statistics

General Stats
  • This quiz has been taken 86 times
  • The average score is 25 of 33
Answer Stats
Population City % Correct
9,088,994 London
99%
2,165,423 Paris
99%
3,677,472 Berlin
97%
3,305,408 Madrid
97%
12,455,682 Moscow
94%
5,384,342 Saint Petersburg
94%
15,204,387 Istanbul
93%
1,636,732 Barcelona
91%
2,962,180 Kiev
90%
1,371,498 Milan
90%
1,487,708 Munich
90%
2,761,632 Rome
89%
1,931,593 Vienna
89%
1,819,419 Bucharest
87%
1,752,286 Budapest
87%
1,853,935 Hamburg
86%
1,159,888 Birmingham
81%
2,009,786 Minsk
80%
1,221,785 Sofia
79%
1,794,166 Warsaw
79%
1,166,763 Belgrade
77%
1,073,096 Cologne
76%
1,301,432 Prague
73%
1,015,826 Odessa
59%
1,433,886 Kharkiv
57%
1,244,254 Nizhny Novgorod
50%
1,137,704 Rostov-on-Don
47%
1,125,933 Ufa
47%
1,257,341 Kazan
44%
1,004,763 Volgograd
44%
1,144,759 Samara
43%
1,049,199 Perm
41%
1,050,602 Voronezh
29%
No matching quizzes found
Score Distribution
Percent of People with Each Score
Percentile by Number Answered
Your Score History
You have not taken this quiz